00198nam a22000857a 4500082000800000100001900008245002200027260005400049300000900103 aATT aAtta-ur-Rehman aScience And Islam aKarachibKhadim Ali Shah Bhukari Founditionc1998 a176p